100 years of tropical forest research FRIM in the news : the story of the Forest Research Institute Malaysia

Bibliographic Details
Corporate Author: Institut Penyelidikan Perhutanan Malaysia (FRIM)
Format: Book
Published: Kuala Lumpur : Institut Penyelidikan Perhutanan Malaysia , 2010
Subjects:

MARC

LEADER 00000cam a2200000 7i4500
001 0000003727
005 20110422.0
020 0 0 |a 9789675221378 
090 0 0 |a 634.9209595   |b FRAN 2010 
245 0 4 |a 100 years of tropical forest research FRIM in the news :   |b the story of the Forest Research Institute Malaysia   |c Francis, S.P. Ng 
260 0 0 |a Kuala Lumpur :   |b Institut Penyelidikan Perhutanan Malaysia ,   |c 2010 
300 |a xi.142 p. :   |b ill.col. ;   |c 28 cm. 
650 0 0 |a Forest and forestry---Research Malaysia 
650 0 0 |a Institut penyelidikan Perhutanan Malaysia 
650 0 0 |a Institut Penyelidikan Perhutanan Malaysia---History 
710 1 1 |a Institut Penyelidikan Perhutanan Malaysia (FRIM) 
998 |a FRIM 
999 |a 007596   |b Monograph   |c Open Shelf   |e Default branch